Welcome to the official Sarawak Skills Library system. If you are a new user, please contact our librarian to register.

Engineering Graphics And Design: With Graphical Analysis (Record no. 26157)

MARC details
000 -LEADER
fixed length control field 00486nam a2200157Ia 4500
008 - FIXED-LENGTH DATA ELEMENTS--GENERAL INFORMATION
fixed length control field 241217s9999||||xx |||||||||||||| ||und||
020 ## - INTERNATIONAL STANDARD BOOK NUMBER
International Standard Book Number 9780314067333
Terms of availability 90.9
040 ## - CATALOGING SOURCE
Language of cataloging eng
Transcribing agency SSK Library
Description conventions rda
082 ## - DEWEY DECIMAL CLASSIFICATION NUMBER
Classification number 604.2/LAM
003 - CONTROL NUMBER IDENTIFIER
control field OSt
005 - DATE AND TIME OF LATEST TRANSACTION
control field 20241217113015.0
100 ## - MAIN ENTRY--PERSONAL NAME
Personal name Louis Gary Lamit & Kathleen L. Kitto -
245 #0 - TITLE STATEMENT
Title Engineering Graphics And Design: With Graphical Analysis
260 ## - PUBLICATION, DISTRIBUTION, ETC.
Name of publisher, distributor, etc. West Publishing Company
Date of publication, distribution, etc. ©1997
942 ## - ADDED ENTRY ELEMENTS (KOHA)
Source of classification or shelving scheme
Koha item type Book
Suppress in OPAC
Holdings
Withdrawn status Lost status Damaged status Not for loan Home library Current library Date acquired Cost, normal purchase price Total checkouts Full call number Barcode Date last seen Copy number Price effective from Koha item type
        Sarawak Skills Kuching Library Sarawak Skills Kuching Library 12/17/2024 90.90   604.2/LAM 10082362 12/17/2024 1 12/17/2024 Book